000 00305 a2200133 4500
090 _c3850
_d3850
100 _aPaul A Samuelson
245 _aEconomics
250 _a8th ed
260 _aIslamabad
_bNational Book Foundation
_c2007
300 _a776p.
500 _aHardcover
942 _aNBS
_cBK
_k330 SAM
999 _c346313
_d346313